00428nam a2200145Ia 4500008004100000082002000041100001700061245004700078250000600125260003300131300000800164630004700172700001600219730004700235100122s9999 xx 000 0 und d b72151a294.5925 aRAJAVADE V K aJNANESWARI- PART-1( DNYANESHWARI)- LOKAPUR a0 bIMPRESSIONS PUB. HOUSEc1995 a530 aJNANESWARI- PART-1( DNYANESHWARI)- LOKAPUR aLOKAPUR R S aJNANESWARI- PART-1( DNYANESHWARI)- LOKAPUR